00422nam a2200121Ia 4500008004100000245010700041260004500148260000900193300000900202500001300211650001300224856006300237170516s9999 xx 000 0 und d aOuabain inhibits anchorage-independent growth in human lung cancer cells via integrin αvβ3 reduction bAsian Journal of Pharmaceutical Sciences c2016 a11:1 aFebruary xPharmacy uhttp://www.sciencedirect.com/science/journal/18180876/11/1